[Event "NSV Open-ch Rapid 2019"]
[Site "Lueneburg"]
[Date "2019.08.04"]
[Round "7.9"]
[White "Chennaoui, Yasin"]
[Black "Rothenberg, Jannik"]
[Result "1-0"]
[WhiteElo "2092"]
[BlackElo "1859"]
[Annotator "NA RC"]
[PlyCount "89"]
[EventDate "2019.08.03"]
[EventType "swiss"]
[EventCountry "GER"]
[SourceTitle "playchess.com"]
[Source "ChessBase"]
[SourceQuality "1"]
[TimeControl "600+5"]

1. c4 {[%emt 0:00:00]} g6 {[%emt 0:00:05]} 2. g3 {[%emt 0:00:00]} Bg7 {[%emt 0:00:01]} 3. Bg2 {[%emt 0:00:00]} d6 {[%emt 0:00:11]} 4. Nc3 {[%emt 0:00:00]} c5 {[%emt 0:00:20]} 5. e4 {[%emt 0:00:04]} Nc6 {[%emt 0:00:07]} 6. Nge2 {[%emt 0:00:02]} Qd7 {[%emt 0:00:07]} 7. O-O {[%emt 0:00:10]} b6 {[%emt 0:00:01]} 8. a3 {[%emt 0:00:13]} Bb7 {[%emt 0:00:05]} 9. Rb1 {[%emt 0:00:01]} Nd4 {[%emt 0:00:12]} 10. d3 {[%emt 0:00:05]} e6 {[%emt 0:00:29]} 11. b4 {[%emt 0:00:04]} Ne7 {[%emt 0:00:11]} 12. f4 {[%emt 0:00:14]} O-O {[%emt 0:00:19]} 13. Be3 {[%emt 0:00:26]} Rad8 {[%emt 0:00:37]} 14. Kh1 {[%emt 0:00:47]} f5 {[%emt 0:00:03]} 15. Bg1 {[%emt 0:00:08]} fxe4 {[%emt 0:01:15]} 16. dxe4 {[%emt 0:00:08]} e5 {[%emt 0:00:30]} 17. bxc5 {[%emt 0:00:31]} dxc5 {[%emt 0:00:33]} 18. Nd5 {[%emt 0:00:18]} Ba6 {[%emt 0:00:54]} 19. Nxd4 {[%emt 0:01:52]} exd4 {[%emt 0:00:43]} 20. Nxe7+ {[%emt 0:00:04]} Qxe7 {[%emt 0:00:05]} 21. Qa4 {[%emt 0:00:04]} Bc8 {[%emt 0:00:22]} 22. e5 {[%emt 0:01:19]} Bb7 {[%emt 0:00:18]} 23. Qc2 {[%emt 0:00:04]} g5 {[%emt 0:00:18]} 24. Bxb7 {[%emt 0:00:15]} Qxb7+ {[%emt 0:00:02]} 25. Qg2 {[%emt 0:00:01]} Qxg2+ {[%emt 0:00:38]} 26. Kxg2 {[%emt 0:00:02]} gxf4 {[%emt 0:00:01]} 27. gxf4 {[%emt 0:00:02]} Bh6 {[%emt 0:00:23]} 28. f5 {[%emt 0:00:15]} Kf7 {[%emt 0:00:36]} 29. Bf2 {[%emt 0:00:13]} Rg8+ {[%emt 0:00:15]} 30. Bg3 {[%emt 0:00:23]} Be3 {[%emt 0:00:17]} 31. Kf3 {[%emt 0:00:06]} Rdf8 {[%emt 0:00:04]} 32. Ke4 {[%emt 0:00:15]} Ke7 {[%emt 0:00:07]} 33. e6 {[%emt 0:00:17]} Rg4+ {[%emt 0:00:26]} 34. Ke5 {[%emt 0:00:27]} Bg5 {[%emt 0:00:16]} 35. Rf3 {[%emt 0:00:28]} h5 {[%emt 0:00:20]} 36. h3 {[%emt 0:01:24]} Bf6+ {[%emt 0:00:10]} 37. Kd5 {[%emt 0:00:00]} Rd8+ {[%emt 0:00:07]} 38. Kc6 {[%emt 0:00:01]} Rg7 {[%emt 0:00:15]} 39. Bc7 {[%emt 0:00:10]} Rc8 {[%emt 0:00:20]} 40. Kb7 {[%emt 0:00:01]} Rgg8 {[%emt 0:00:01]} 41. a4 {[%emt 0:00:35]} h4 {[%emt 0:00:27]} 42. a5 {[%emt 0:00:01]} bxa5 {[%emt 0:00:01]} 43. Rb5 {[%emt 0:00:02]} Rce8 {[%emt 0:00:14]} 44. Rxc5 {[%emt 0:00:03]} Rg3 {[%emt 0:00:05]} 45. Bxg3 {[%emt 0:00:06]} 1-0

[Event "NSV Open-ch Rapid 2019"]
[Site "Lueneburg"]
[Date "2019.08.04"]
[Round "7.10"]
[White "Colbow, Collin"]
[Black "Daemmig, Matthias"]
[Result "1-0"]
[WhiteElo "2167"]
[BlackElo "2059"]
[Annotator "ChessBase"]
[PlyCount "151"]
[EventDate "2019.08.03"]
[EventType "swiss"]
[EventCountry "GER"]
[SourceTitle "playchess.com"]
[Source "ChessBase"]
[SourceQuality "1"]
[TimeControl "600+5"]

1. e4 {[%emt 0:00:00]} c5 {[%emt 0:00:00]} 2. Nf3 {[%emt 0:00:00]} Nf6 {[%emt 0:00:00]} 3. Nc3 {[%emt 0:00:02]} d5 {[%emt 0:00:00]} 4. e5 {[%emt 0:00:32]} Nfd7 {[%emt 0:00:00]} 5. d4 {[%emt 0:00:44]} e6 {[%emt 0:00:05]} 6. Ne2 {[%emt 0:00:42]} cxd4 {[%emt 0:00:09]} 7. Nexd4 {[%emt 0:00:02]} Nc6 {[%emt 0:00:02]} 8. Bf4 {[%emt 0:00:15]} Qb6 {[%emt 0:00:17]} 9. Nb3 {[%emt 0:00:35]} h6 {[%emt 0:01:52]} 10. h4 {[%emt 0:00:59]} Qc7 {[%emt 0:00:26]} 11. Bb5 {[%emt 0:01:22]} g6 {[%emt 0:00:06]} 12. O-O {[%emt 0:00:08]} Bg7 {[%emt 0:00:05]} 13. Re1 {[%emt 0:00:01]} O-O {[%emt 0:00:07]} 14. Qe2 {[%emt 0:00:26]} a6 {[%emt 0:00:33]} 15. Bd3 {[%emt 0:00:01]} Nb4 {[%emt 0:00:49]} 16. a3 {[%emt 0:00:21]} Nxd3 {[%emt 0:00:04]} 17. cxd3 {[%emt 0:00:00]} Qb6 {[%emt 0:00:09]} 18. Qc2 {[%emt 0:00:17]} a5 {[%emt 0:00:27]} 19. Be3 {[%emt 0:00:14]} Qd8 {[%emt 0:01:21]} 20. Bc5 {[%emt 0:00:33]} Nxc5 {[%emt 0:00:08]} 21. Qxc5 {[%emt 0:00:05]} b6 {[%emt 0:00:18]} 22. Qe3 {[%emt 0:00:22]} a4 {[%emt 0:00:43]} 23. Nbd4 {[%emt 0:00:02]} Qd7 {[%emt 0:00:06]} 24. Rac1 {[%emt 0:00:04]} Bb7 {[%emt 0:00:02]} 25. Rc3 {[%emt 0:00:10]} Rfc8 {[%emt 0:00:03]} 26. Rec1 {[%emt 0:00:01]} Rxc3 {[%emt 0:00:02]} 27. Rxc3 {[%emt 0:00:02]} Rc8 {[%emt 0:00:05]} 28. Qc1 {[%emt 0:00:02]} Rxc3 {[%emt 0:00:11]} 29. Qxc3 {[%emt 0:00:03]} Bf8 {[%emt 0:00:14]} 30. Ne1 {[%emt 0:00:56]} Bc5 {[%emt 0:00:29]} 31. Nec2 {[%emt 0:00:12]} Qc7 {[%emt 0:00:31]} 32. Nf3 {[%emt 0:00:17]} Qd8 {[%emt 0:01:05]} 33. d4 {[%emt 0:00:14]} Be7 {[%emt 0:00:01]} 34. g3 {[%emt 0:00:01]} Ba6 {[%emt 0:00:04]} 35. Nb4 {[%emt 0:01:06]} Bc4 {[%emt 0:00:11]} 36. Nd2 {[%emt 0:00:05]} b5 {[%emt 0:00:14]} 37. Nc6 {[%emt 0:00:08]} Qd7 {[%emt 0:00:06]} 38. Nxe7+ {[%emt 0:00:01]} Qxe7 {[%emt 0:00:01]} 39. Nf3 {[%emt 0:00:26]} Kg7 {[%emt 0:00:25]} 40. Ne1 {[%emt 0:00:21]} f6 {[%emt 0:00:07]} 41. Nd3 {[%emt 0:00:39]} Bxd3 {[%emt 0:00:06]} 42. exf6+ {[%emt 0:00:07]} Kxf6 {[%emt 0:01:10]} 43. Qxd3 {[%emt 0:00:00]} b4 {[%emt 0:00:00]} 44. Qe3 {[%emt 0:00:42]} bxa3 {[%emt 0:00:23]} 45. bxa3 {[%emt 0:00:00]} Kg7 {[%emt 0:00:02]} 46. Qe5+ {[%emt 0:00:10]} Kh7 {[%emt 0:00:01]} 47. h5 {[%emt 0:00:14]} gxh5 {[%emt 0:00:04]} 48. Qxh5 {[%emt 0:00:04]} Qf6 {[%emt 0:00:04]} 49. Qg4 {[%emt 0:00:07]} Qg6 {[%emt 0:00:03]} 50. Qf3 {[%emt 0:00:07]} Qf5 {[%emt 0:00:02]} 51. Qc3 {[%emt 0:00:05]} Kg6 {[%emt 0:00:05]} 52. Qb4 {[%emt 0:00:02]} Qc2 {[%emt 0:00:03]} 53. Qe7 {[%emt 0:00:08]} Qc6 {[%emt 0:00:08]} 54. Kg2 {[%emt 0:00:05]} h5 {[%emt 0:00:04]} 55. Qf8 {[%emt 0:00:02]} Qd7 {[%emt 0:00:05]} 56. Qg8+ {[%emt 0:00:01]} Kf6 {[%emt 0:00:08]} 57. f4 {[%emt 0:00:01]} Qg7 {[%emt 0:00:10]} 58. Qe8 {[%emt 0:00:10]} Qe7 {[%emt 0:00:09]} 59. Qxa4 {[%emt 0:00:03]} Qc7 {[%emt 0:00:06]} 60. Qb3 {[%emt 0:00:05]} Qc1 {[%emt 0:00:03]} 61. Qd3 {[%emt 0:00:08]} Qa1 {[%emt 0:00:14]} 62. Qe3 {[%emt 0:00:04]} Kf7 {[%emt 0:00:05]} 63. Qe5 {[%emt 0:00:09]} Qxa3 {[%emt 0:00:03]} 64. Qxh5+ {[%emt 0:00:00]} Ke7 {[%emt 0:00:01]} 65. Qe5 {[%emt 0:00:04]} Qa1 {[%emt 0:00:05]} 66. Kh3 {[%emt 0:00:06]} Qh1+ {[%emt 0:00:01]} 67. Kg4 {[%emt 0:00:00]} Qd1+ {[%emt 0:00:02]} 68. Kg5 {[%emt 0:00:03]} Qc2 {[%emt 0:00:05]} 69. f5 {[%emt 0:00:11]} Qd2+ {[%emt 0:00:01]} 70. Kg6 {[%emt 0:00:01]} Qc2 {[%emt 0:00:05]} 71. Qxe6+ {[%emt 0:00:02]} Kd8 {[%emt 0:00:02]} 72. Qxd5+ {[%emt 0:00:01]} Ke8 {[%emt 0:00:02]} 73. Qf7+ {[%emt 0:00:14]} Kd8 {[%emt 0:00:02]} 74. d5 {[%emt 0:00:03]} Qc4 {[%emt 0:00:03]} 75. Qf6+ {[%emt 0:00:07]} Ke8 {[%emt 0:00:02]} 76. Qc6+ {[%emt 0:00:01]} 1-0

[Event "NSV Open-ch Rapid 2019"]
[Site "Lueneburg"]
[Date "2019.08.04"]
[Round "7.11"]
[White "Fischer, Thomas"]
[Black "Aarav Dengla"]
[Result "1-0"]
[WhiteElo "2106"]
[BlackElo "2051"]
[Annotator "TA"]
[PlyCount "73"]
[EventDate "2019.08.03"]
[EventType "swiss"]
[EventCountry "GER"]
[SourceTitle "playchess.com"]
[Source "ChessBase"]
[SourceQuality "1"]

{[%evp 11,73,-11,0,-6,0,-2,2,0,2,0,12,0,18,0,0,0,20,-16,0,-27,0,-31,30,25,250,0,165,-58,-43,-44,-41,-38,-42,-72,-27,-44,-23,-25,-18,-46,-19,-19,-12,-31,257,13,37,43,27,24,157,156,425,427,406,165,167,166,157,166,168,171,1031,1026]} 1. e4 e5 2. Nf3 Nf6 3. Bc4 Nxe4 4. Nc3 Nf6 5. Nxe5 d5 6. Bb3 Be7 7. d4 {C42: Petroff Defence: 3 Nxe5 and unusual White 3rd moves} O-O 8. O-O c6 9. f4 {The position is equal.} (9. Qf3 Nbd7 10. Re1 Nxe5 11. dxe5 Nd7 12. Bf4 Nc5 13. Rad1 Bf5 14. Bg3 Qd7 15. Bxd5 {0-1 (83) Eraschenkov,D (2389)-Rabiega,R (2527) playchess.com INT 2004}) 9... Bb4 10. Ne2 Ne4 11. c3 $146 ({Predecessor:} 11. f5 Nd7 12. Ng4 Re8 13. Nf4 Ndf6 14. Nd3 Nxg4 15. Qxg4 {0-1 (28) Hamberger,H (2162)-Lawitsch,G (2232) Austria 2005}) 11... Bd6 12. Ng3 $36 {[%mdl 2048] White has good play.} (12. c4 {is more complex.} dxc4 13. Bxc4 Bc7 14. Be3 Nd7 15. Nc3) 12... Nxg3 13. hxg3 f6 14. Nf3 Be6 15. Bc2 Nd7 16. Kf2 Qc7 ({Better is} 16... Bg4 $15) 17. Rh1 $1 $11 g6 $2 {[#]} (17... h6 $1 $11) 18. Rh6 $2 ({White has to play} 18. Rxh7 $1 $18 {[%mdl 512]} Rf7 (18... Kxh7 19. Ng5+) 19. Rh6) 18... Rf7 $2 {[#]} (18... Rfe8 $11) 19. Qh1 $2 (19. Bxg6 $1 $18 {[%mdl 512]} hxg6 20. Qh1) 19... Nf8 20. Bd2 Re8 21. Re1 Ree7 22. b4 Bg4 23. Rh4 Rxe1 24. Qxe1 h5 25. Qb1 Kg7 26. Rh1 Qd7 27. Nh4 {[%cal Rc2g6]} g5 $2 {[%mdl 8192]} (27... Re7 $15 {keeps the upper hand.} 28. Re1 Qe8) 28. Nf3 $2 (28. Bf5 $18 Bxf5 29. Nxf5+ {[%mdl 64] Discovered Attack} Kh8 30. fxg5 (30. Rxh5+ Rh7 $18) 30... fxg5 31. g4 (31. Rxh5+ Rh7 $18)) 28... h4 29. gxh4 gxf4 30. h5 Bxf3 (30... Kg8 $11) 31. gxf3 $16 ({But not} 31. Kxf3 $6 Ne6 $14) 31... Kh6 $2 (31... Re7 $16 {was worth a try.} 32. Qg1+ Kh8) 32. Bf5 $18 Qc7 33. Qg1 (33. Bg6 $142) 33... Rg7 34. Bg6 $1 Nh7 35. Qg4 Ng5 36. Qf5 Qe7 $2 (36... Qd7 37. Qxf6 Qe6 38. Qxe6 Nxe6) 37. Re1 {Accuracy: White = 40%, Black = 23%.} 1-0

[Event "NSV Open-ch Rapid 2019"]
[Site "Lueneburg"]
[Date "2019.08.04"]
[Round "7.12"]
[White "Lai Hop, Long"]
[Black "Bach, Matthias"]
[Result "0-1"]
[WhiteElo "1817"]
[BlackElo "2241"]
[Annotator "TA"]
[PlyCount "42"]
[EventDate "2019.08.03"]
[EventType "swiss"]
[EventCountry "GER"]
[SourceTitle "playchess.com"]
[Source "ChessBase"]
[SourceQuality "1"]

{[%evp 9,67,-17,-31,-22,-8,-1,-4,-33,-22,-38,-29,-86,-56,-162,0,-27,-28,-18,0,-52,-34,-75,-59,-87,-86,-191,-139,-194,-108,-164,-120,-190,-186,-201,-181,-185,-226,-1622,-1562,-29984,-29980,-29980,-29981,-2185,-816,-1045,-1019,-980,-1006,-1543,-1520,-1662,-1345,-29994,-29995,-29995,-29996,-29997,-29998,-29999]} 1. Nf3 Nf6 2. d4 c5 3. d5 e6 4. dxe6 fxe6 5. g3 d5 (5... Nc6 6. Bg2 d5 7. O-O Bd6 8. c4 O-O 9. Bg5 d4 10. Nbd2 e5 11. Ne1 Qe8 12. Bxf6 gxf6 {1-0 (56) Salgado Lopez,I (2602)-Rodriguez Guerrero,E (2445) Badajoz 2013}) 6. Bg2 {A43: Schmid Benoni} Be7 7. O-O Nc6 8. Bf4 $146 {The position is equal.} ({Predecessor:} 8. c4 O-O 9. cxd5 exd5 10. b3 Ne4 11. Bb2 {0-1 (53) Simi,L (1639)-Bader,M (1502) Sao Paulo 2017}) 8... O-O 9. Re1 Ne4 10. c3 (10. Nbd2 $11 {keeps the balance.}) 10... Bf6 (10... c4 {with more complications.} 11. Be3 e5 12. Nbd2 Nf6 13. h3 Be6) 11. Nbd2 (11. Bc1 $15) 11... Nxd2 $2 ({Black should try} 11... e5 $1 $19 {[%cal Re5f4]} 12. Nxe4 dxe4 13. Nxe5 (13. Qb3+ $2 Kh8 $19) 13... Bxe5 14. Bxe5 Nxe5 15. Qxd8 Rxd8 16. Bxe4 Be6) 12. Qxd2 e5 13. Bg5 $1 Be6 14. Red1 (14. Bxf6 $11 Qxf6 15. Ng5) 14... Kh8 15. h4 e4 16. Ne1 Ne5 17. f3 (17. b3 $17) 17... Nc4 (17... Bxg5 $19 18. Qxg5 Qc7) 18. Bxf6 (18. Qc1 $17 {was necessary.}) 18... Qxf6 ({Black should play} 18... Rxf6 $19 19. Qc1 Qc7) 19. Qc1 (19. Qg5 $17) 19... Qe5 20. b3 {[#]} (20. f4 $17 Qf5 21. b3) 20... Nd6 $1 $36 {[%mdl 2048] Black has strong initiative.} ({Worse is} 20... Qxg3 21. bxc4 Rf4 22. Qe3 $16 (22. cxd5 Bh3 $16)) 21. Kh2 Rae8 {Played: Nd6-f5} 0-1

[Event "NSV Open-ch Rapid 2019"]
[Site "Lueneburg"]
[Date "2019.08.04"]
[Round "7.13"]
[White "Reimers, Achim"]
[Black "Kolhoff, Manfred"]
[Result "1-0"]
[WhiteElo "1975"]
[BlackElo "1616"]
[Annotator "NA RC"]
[PlyCount "88"]
[EventDate "2019.08.03"]
[EventType "swiss"]
[EventCountry "GER"]
[SourceTitle "playchess.com"]
[Source "ChessBase"]
[SourceQuality "1"]
[TimeControl "600+5"]

1. d4 {[%emt 0:00:00]} d5 {[%emt 0:00:00]} 2. c3 {[%emt 0:00:01]} Nf6 {[%emt 0:00:03]} 3. e3 {[%emt 0:00:07]} e6 {[%emt 0:00:04]} 4. f4 {[%emt 0:00:02]} c5 {[%emt 0:00:01]} 5. Nf3 {[%emt 0:00:02]} Nc6 {[%emt 0:00:03]} 6. Bd3 {[%emt 0:00:03]} c4 {[%emt 0:00:13]} 7. Bc2 {[%emt 0:00:02]} Qb6 {[%emt 0:00:09]} 8. O-O {[%emt 0:00:04]} Bd7 {[%emt 0:00:01]} 9. Nbd2 {[%emt 0:00:06]} Bd6 {[%emt 0:00:04]} 10. Qe2 {[%emt 0:00:04]} h6 {[%emt 0:00:03]} 11. Ne5 {[%emt 0:00:05]} Bxe5 {[%emt 0:00:47]} 12. fxe5 {[%emt 0:00:03]} Nh7 {[%emt 0:00:02]} 13. Kh1 {[%emt 0:00:11]} f5 {[%emt 0:00:40]} 14. exf6 {[%emt 0:00:04]} Nxf6 {[%emt 0:00:03]} 15. Bg6+ {[%emt 0:00:18]} Ke7 {[%emt 0:00:08]} 16. e4 {[%emt 0:00:06]} Raf8 {[%emt 0:00:04]} 17. exd5 {[%emt 0:00:20]} Nxd5 {[%emt 0:00:01]} 18. Nxc4 {[%emt 0:01:00]} Rxf1+ {[%emt 0:00:20]} 19. Qxf1 {[%emt 0:00:04]} Qd8 {[%emt 0:00:04]} 20. Qe2 {[%emt 0:00:21]} Rf8 {[%emt 0:00:13]} 21. Bd2 {[%emt 0:00:09]} Rf6 {[%emt 0:00:27]} 22. Bd3 {[%emt 0:00:06]} Qf8 {[%emt 0:00:03]} 23. Rf1 {[%emt 0:00:18]} Kd8 {[%emt 0:00:13]} 24. h3 {[%emt 0:00:23]} Nf4 {[%emt 0:00:09]} 25. Bxf4 {[%emt 0:00:45]} Rxf4 26. a3 {[%emt 0:07:26]} g5 {[%emt 0:00:59]} 27. Nd2 {[%emt 0:00:00]} Ne7 {[%emt 0:00:10]} 28. Nf3 {[%emt 0:00:00]} a6 {[%emt 0:00:52]} 29. Ne5 {[%emt 0:00:00]} Rxf1+ {[%emt 0:00:06]} 30. Qxf1 {[%emt 0:00:00]} Qxf1+ {[%emt 0:00:02]} 31. Bxf1 {[%emt 0:00:00]} Nf5 {[%emt 0:00:07]} 32. Bd3 {[%emt 0:00:00]} Ke7 {[%emt 0:00:30]} 33. Bxf5 {[%emt 0:00:00]} exf5 {[%emt 0:00:01]} 34. Nxd7 {[%emt 0:00:00]} Kxd7 {[%emt 0:00:01]} 35. Kg1 {[%emt 0:00:00]} Kd6 {[%emt 0:00:02]} 36. Kf2 {[%emt 0:00:00]} Kd5 {[%emt 0:00:02]} 37. Ke3 {[%emt 0:00:00]} b5 {[%emt 0:00:06]} 38. b3 {[%emt 0:00:00]} h5 {[%emt 0:00:27]} 39. Kd3 {[%emt 0:00:00]} f4 {[%emt 0:00:05]} 40. c4+ {[%emt 0:00:00]} bxc4+ {[%emt 0:00:01]} 41. bxc4+ {[%emt 0:00:00]} Kd6 {[%emt 0:00:05]} 42. Ke4 {[%emt 0:00:00]} Ke6 {[%emt 0:01:20]} 43. h4 {[%emt 0:00:00]} Kf6 {[%emt 0:00:18]} 44. c5 {[%emt 0:00:00]} Ke7 {[%emt 0:04:31]} 1-0

[Event "NSV Open-ch Rapid 2019"]
[Site "Lueneburg"]
[Date "2019.08.04"]
[Round "7.14"]
[White "von Estorff, Jacob"]
[Black "Dralle, Hannes"]
[Result "1-0"]
[WhiteElo "2055"]
[BlackElo "1732"]
[Annotator "NA RC"]
[PlyCount "51"]
[EventDate "2019.08.03"]
[EventType "swiss"]
[EventCountry "GER"]
[SourceTitle "playchess.com"]
[Source "ChessBase"]
[SourceQuality "1"]
[TimeControl "600+5"]

1. e4 {[%emt 0:00:00]} c5 {[%emt 0:00:00]} 2. Nf3 {[%emt 0:00:00]} e6 {[%emt 0:00:00]} 3. d4 {[%emt 0:00:00]} cxd4 {[%emt 0:00:00]} 4. Nxd4 {[%emt 0:00:00]} Nc6 {[%emt 0:00:00]} 5. Be3 {[%emt 0:00:02]} Qc7 {[%emt 0:00:01]} 6. Bd3 {[%emt 0:00:10]} a6 {[%emt 0:00:03]} 7. O-O {[%emt 0:00:02]} Ne5 {[%emt 0:00:02]} 8. Nd2 {[%emt 0:00:10]} Nf6 {[%emt 0:00:12]} 9. h3 {[%emt 0:00:08]} b5 {[%emt 0:00:19]} 10. Re1 {[%emt 0:00:54]} Bb7 {[%emt 0:00:07]} 11. Bf4 {[%emt 0:00:04]} Bd6 {[%emt 0:00:43]} 12. Bxe5 {[%emt 0:00:16]} Bxe5 {[%emt 0:00:08]} 13. N2f3 {[%emt 0:00:08]} Bf4 {[%emt 0:01:00]} 14. Qe2 {[%emt 0:01:11]} O-O {[%emt 0:00:08]} 15. g3 {[%emt 0:00:07]} Bh6 {[%emt 0:00:27]} 16. Rad1 {[%emt 0:00:10]} d5 {[%emt 0:00:41]} 17. exd5 {[%emt 0:00:13]} Bxd5 {[%emt 0:00:30]} 18. b3 {[%emt 0:00:29]} g6 {[%emt 0:00:16]} 19. Qe5 {[%emt 0:00:28]} Qxe5 {[%emt 0:00:13]} 20. Nxe5 {[%emt 0:00:01]} Bg7 {[%emt 0:00:27]} 21. c4 {[%emt 0:00:12]} bxc4 {[%emt 0:00:21]} 22. Bxc4 {[%emt 0:00:15]} Bb7 {[%emt 0:00:47]} 23. Ndc6 {[%emt 0:00:33]} Rac8 {[%emt 0:00:28]} 24. Ne7+ {[%emt 0:00:04]} Kh8 {[%emt 0:00:11]} 25. Nxc8 {[%emt 0:00:23]} Rxc8 {[%emt 0:05:01]} 26. Nxf7+ {[%emt 0:00:05]} 1-0

[Event "NSV Open-ch Rapid 2019"]
[Site "Lueneburg"]
[Date "2019.08.04"]
[Round "7.15"]
[White "Langer, Michael S."]
[Black "Serrer, David"]
[Result "1-0"]
[WhiteElo "1911"]
[BlackElo "1516"]
[Annotator "NA RC"]
[PlyCount "70"]
[EventDate "2019.08.03"]
[EventType "swiss"]
[EventCountry "GER"]
[SourceTitle "playchess.com"]
[Source "ChessBase"]
[SourceQuality "1"]
[TimeControl "600+5"]

1. Nf3 {[%emt 0:00:00]} Nf6 {[%emt 0:00:00]} 2. c4 {[%emt 0:00:05]} g6 {[%emt 0:00:05]} 3. d4 {[%emt 0:00:05]} Bg7 {[%emt 0:00:05]} 4. e3 {[%emt 0:00:05]} O-O {[%emt 0:00:05]} 5. Be2 {[%emt 0:00:05]} d6 {[%emt 0:00:05]} 6. O-O {[%emt 0:00:05]} Nbd7 {[%emt 0:00:05]} 7. Nc3 {[%emt 0:00:05]} c5 {[%emt 0:00:05]} 8. b3 {[%emt 0:00:05]} b6 {[%emt 0:00:05]} 9. Bb2 {[%emt 0:00:05]} Bb7 {[%emt 0:00:05]} 10. d5 {[%emt 0:00:05]} Qc7 {[%emt 0:00:08]} 11. Qc2 {[%emt 0:00:11]} e6 {[%emt 0:00:02]} 12. dxe6 {[%emt 0:00:25]} fxe6 {[%emt 0:00:03]} 13. Rad1 {[%emt 0:00:11]} d5 {[%emt 0:00:13]} 14. Ng5 {[%emt 0:00:43]} Rfe8 {[%emt 0:00:20]} 15. Nb5 {[%emt 0:00:22]} Qc6 {[%emt 0:00:27]} 16. Nf3 {[%emt 0:00:55]} a6 {[%emt 0:00:09]} 17. Na3 {[%emt 0:00:24]} e5 {[%emt 0:01:04]} 18. cxd5 {[%emt 0:00:17]} Qc7 {[%emt 0:00:54]} 19. e4 {[%emt 0:00:19]} Kh8 {[%emt 0:00:13]} 20. Nc4 {[%emt 0:00:19]} b5 {[%emt 0:00:14]} 21. Ne3 {[%emt 0:00:31]} Nh5 {[%emt 0:00:59]} 22. g3 {[%emt 0:00:22]} Rf8 {[%emt 0:00:39]} 23. Ng5 {[%emt 0:00:10]} Qd6 {[%emt 0:00:30]} 24. Ne6 {[%emt 0:00:16]} Rf6 {[%emt 0:00:16]} 25. Bxh5 {[%emt 0:00:21]} gxh5 {[%emt 0:00:49]} 26. Nxg7 {[%emt 0:00:29]} Rg6 {[%emt 0:00:17]} 27. Ngf5 {[%emt 0:00:12]} Qf6 {[%emt 0:00:25]} 28. f4 {[%emt 0:00:23]} Rag8 {[%emt 0:00:32]} 29. fxe5 {[%emt 0:00:55]} Qg5 {[%emt 0:00:38]} 30. e6+ {[%emt 0:00:28]} Nf6 {[%emt 0:00:03]} 31. Ng2 {[%emt 0:00:44]} h4 {[%emt 0:02:31]} 32. Nfxh4 {[%emt 0:00:21]} Qxh4 {[%emt 0:00:28]} 33. Nxh4 {[%emt 0:00:11]} Rxg3+ {[%emt 0:00:02]} 34. hxg3 {[%emt 0:00:07]} Rxg3+ {[%emt 0:00:01]} 35. Kh2 {[%emt 0:00:09] Ng4+ Kxg3+} Bc8 {[%emt 0:00:18]} 1-0

[Event "NSV Open-ch Rapid 2019"]
[Site "Lueneburg"]
[Date "2019.08.04"]
[Round "7.16"]
[White "Rempe, Jonas"]
[Black "Egelriede, Nikolas"]
[Result "1-0"]
[WhiteElo "1839"]
[BlackElo "1865"]
[Annotator "NA RC"]
[PlyCount "61"]
[EventDate "2019.08.03"]
[EventType "swiss"]
[EventCountry "GER"]
[SourceTitle "playchess.com"]
[Source "ChessBase"]
[SourceQuality "1"]
[TimeControl "600+5"]

1. e4 {[%emt 0:00:00]} d5 {[%emt 0:00:00]} 2. exd5 {[%emt 0:00:00]} Qxd5 {[%emt 0:00:00]} 3. Nf3 {[%emt 0:00:00]} Bg4 {[%emt 0:00:00]} 4. Be2 {[%emt 0:00:00]} Nc6 {[%emt 0:00:01]} 5. O-O {[%emt 0:00:01]} O-O-O {[%emt 0:00:02]} 6. Nc3 {[%emt 0:00:21]} Qd7 {[%emt 0:00:01]} 7. d3 {[%emt 0:00:03]} e5 {[%emt 0:00:02]} 8. Be3 {[%emt 0:00:09]} f6 {[%emt 0:00:04]} 9. h3 {[%emt 0:00:01]} Be6 {[%emt 0:00:20]} 10. a3 {[%emt 0:00:11]} g5 {[%emt 0:00:11]} 11. b4 {[%emt 0:00:00]} g4 {[%emt 0:00:14]} 12. hxg4 {[%emt 0:00:22]} Bxg4 {[%emt 0:00:02]} 13. b5 {[%emt 0:00:01]} Nb8 {[%emt 0:00:19]} 14. Bxa7 {[%emt 0:01:33]} Ne7 {[%emt 0:00:01]} 15. Bxb8 {[%emt 0:00:15]} Kxb8 {[%emt 0:00:02]} 16. Nxe5 {[%emt 0:00:08]} fxe5 {[%emt 0:00:34]} 17. Bxg4 {[%emt 0:00:01]} Qd4 {[%emt 0:00:11]} 18. Ne4 {[%emt 0:00:12]} Nd5 {[%emt 0:00:21]} 19. a4 {[%emt 0:00:19]} Rg8 {[%emt 0:00:19]} 20. a5 {[%emt 0:00:47]} Bb4 {[%emt 0:02:07]} 21. a6 {[%emt 0:00:42]} b6 {[%emt 0:00:29]} 22. c4 {[%emt 0:00:28]} Nc3 {[%emt 0:00:52]} 23. Nxc3 {[%emt 0:00:18]} Bxc3 {[%emt 0:00:10]} 24. a7+ {[%emt 0:00:09]} Kb7 {[%emt 0:00:40]} 25. Bf3+ {[%emt 0:00:04]} c6 {[%emt 0:00:25]} 26. Bxc6+ {[%emt 0:00:16]} Kc7 {[%emt 0:00:01]} 27. a8=Q {[%emt 0:00:23]} Bxa1 {[%emt 0:00:33]} 28. Qb7+ {[%emt 0:00:06]} Kd6 {[%emt 0:00:01]} 29. Qxa1 {[%emt 0:00:33]} Qg4 {[%emt 0:00:48]} 30. Qa3+ {[%emt 0:00:02]} Ke6 {[%emt 0:00:12]} 31. Qae7+ {[%emt 0:00:01]} 1-0